000 00325nam a2200109Ia 4500
005 20251222114359.0
008 251222s1900||||xx |||||||||||||| ||spa||
082 _aDVD0099/S83/2005
245 0 _aLa odisea de Jacques Cousteau: buceando en busca del botín romano
264 _bCousteau, Jacques Cousteau, Philipe
942 _cDVD
999 _c1559
_d1559